000 00350nam a22001577a 4500
999 _c532160
_d532160
003 NUST
005 20191111141349.0
008 191111b ||||| |||| 00| 0 eng d
038 _aMSOHAIL
082 _a0
100 _aHassan Muntazir
_925493
245 _aInsan Aye Insan
260 _aKarachi
_bSheherzad
300 _ap;591
942 _2ddc
_cBK